Scholastic news

Bibliographic Details
Previous Title:Scholastic news ranger
Format: Electronic Journal
Language:English
Published: [New York, NY] : [Scholastic, Inc.], [©1982]-
Edition:Ranger ed.
Subjects:
Online Access:Full text available from Research Library: 02/01/1998 to 05/31/2015
Full text available from Research Library: 02/01/1998 to 05/31/2015

MARC

LEADER 00000nas a22000007a 4500
001 ssj0005857
003 WaSeSS
005 20200512172242.0
006 m d
007 cr n
008 821221c19829999moumn p s 0 a0eng c
010 |a sn 82008434  
022 |l 0736-055X  |y 0736-055X 
032 |a 756190  |b USPS 
035 |a (WaSeSS)ssj0005857 
037 |b Scholastic Inc., 2931 E. McCarty St., PO Box 3710, Jefferson City, MO 65102-9957 
040 |a NSD  |b eng  |c NSD  |d OCL  |d NSD  |d OCLCQ  |d CUS  |d OCLCQ  |d OCLCF  |d OCLCO  |d AU@  |d OCLCQ  |d WaSeSS 
042 |a nsdp  |a pcc 
050 1 4 |a AP201 
050 1 4 |a LB1583.5 
082 1 0 |a 051  |2 12 
130 0 |a Scholastic news (Ranger ed.) 
210 0 |a Scholast. news  |b (Ranger ed.) 
222 0 |a Scholastic news  |b (Ranger ed.) 
245 1 0 |a Scholastic news  |h [electronic resource]. 
246 1 3 |a Scholastic news ranger 
250 |a Ranger ed. 
260 |a [New York, NY] :  |b [Scholastic, Inc.],  |c [©1982]- 
310 |a Monthly (except holidays and midterm),  |b <Mar. 1993-> 
321 |a Weekly during the school year (except holidays and midterm),  |b 1982- 
362 0 |a Vol. 39, no. 1 (Sept. 10, 1982)- 
500 |a "Ranger," <Mar. 1993-> 
500 |a Edition statement varies: Ranger ed., 1982- ; Ed. 2, <Mar. 1993-> 
500 |a Place of publication varies: Jefferson City, MO, <Mar. 1993-> 
500 |a Accompanied by separately paged supplement called Teachers' edition. 
506 |a License restrictions may limit access. 
521 8 |a Also designated "2" to indicate grade level of material. 
588 |a Description based on surrogate; title from cover. 
588 |a Latest issue consulted: Vol. 49, no. 6 (Mar. 1993) (surrogate). 
650 0 |a Current events  |v Periodicals. 
650 7 |a Current events.  |2 fast  |0 (OCoLC)fst00885350 
655 0 |a Electronic journals. 
767 0 |t Scholastic news (Ranger ed.). Spanish  |x 1070-1176  |w (DLC)sn 93007581  |w (OCoLC)28406210 
780 0 0 |t Scholastic news ranger  |x 0036-6404  |w (DLC)sn 78006206 
856 4 0 |z Full text available from Research Library: 02/01/1998 to 05/31/2015  |u https://search.proquest.com/publication/5822 
856 4 0 |z Full text available from Research Library: 02/01/1998 to 05/31/2015  |u https://search.proquest.com/publication/8010